MESTSKÁ KNIŽNICA GIRALTOVCE  - online katalóg 

Medzi realitou a jej znakom (Record no. 22815)

000 -NÁVESTIE
fixed length control field 00398nam a2200145 4500
008 - ÚDAJE S PEVNOU DĹŽKOU – VŠEOBECNÉ INFORMÁCIE
fixed length control field 191125s2018||||xo d
020 ## - MEDZINÁRODNÉ ŠTANDARDNÉ ČÍSLO KNIHY (ISBN)
Medzinárodné štandardné číslo knihy (ISBN) 9788089545728
Údaje o dostupnosti 6,65
041 1# - KÓD JAZYKA
Kód jazyka textu/zvukovej stopy alebo samostatných nápisov slo
044 ## - KÓD KRAJINY VYDAVATEĽA/PRODUCENTA
Kód krajiny MARC xo
Kód krajiny ISO SK
100 1# - OSOBNÉ MENÁ – VŠEOBECNÉ INFORMÁCIE
Osobné meno Rakúsová Gabriela
-- 1449
245 10 - NÁZOV
Názov Medzi realitou a jej znakom
Zvyšok názvu Interpretacné úvahy o knihách
250 ## - ÚDAJ O PORADÍ VYDANIA
Údaj o poradí vydania 1.vydanie
260 ## - VYDAVATEĽSKÉ ÚDAJE, DISTRIBÚCIA ATĎ.
Názov vydavateľa, distibútora atď. Modrý peter
Miesto publikovania, distribúcie atď. Levoca
Dátum publikovania, distribúcie atď. 2018
300 ## - FYZICKÝ POPIS
Rozsah 186s.
Holdings
Stav stiahnutia (Blokovanie) (Withrawn status) Stav straty Stav poškodenia (Damaged status) Nie pre výpožičky (Not for loan) Spôsob nadobudnutia (Collection code) Trvalé umiestnenie Aktuálne umiestnenie Dátum nadobudnutia Náklady, bežná kúpna cena Inventárne číslo (prírastkové číslo) Full call number Dátum posledného výskytu Cena s účinnosťou od Typ jednotky Koha
        Kúpa Mestská knižnica Giraltovce Mestská knižnica Giraltovce 2019-11-25 6.65 21152 I1818 2019-12-12 2019-12-12 Odborná literatúra pre dospelých

Powered by Koha